| 000 | 00665cab a2200241 4500 | ||
|---|---|---|---|
| 001 | ABS43199 | ||
| 008 | 090401t1990 xxu||||| |||| 00| 0 eng d | ||
| 035 | _a(Sirsi) u40759 | ||
| 041 | _aeng | ||
| 100 | _aLeather, P. | ||
| 245 | 4 | _aThe new renovation grant system | |
| 260 | _c1990 | ||
| 350 | _a0 | ||
| 490 |
_aInsight _v2(4) Summer 1990, 179-180(2) |
||
| 520 | _aOutlines the new renovation grant system introduced by the Local Government and Housing Act 1989 . | ||
| 650 | _aDISABLED FACILITIES | ||
| 650 | _aHOME IMPROVEMENTS | ||
| 650 | _aREHABILITATION | ||
| 690 | _aHOUSING | ||
| 700 | _aMackintosh, S. | ||
| 942 | _n0 | ||
| 948 | _c04/03/1997 | ||
| 999 |
_c26120 _d26120 |
||